书目信息 |
| 题名: |
中国少数民族文化通论
|
|
| 作者: | 徐万邦 祁庆富 | |
| 分册: | ||
| 出版信息: | 北京 中央民族大学出版社 1996 |
|
| 页数: | ||
| 开本: | ||
| 丛书名: | ||
| 单 册: | ||
| 中图分类: | G0 | |
| 科图分类: | ||
| 主题词: | 文化理论 | |
| 电子资源: | ||
| ISBN: | 7-81001-787-X | |
| 000 | 00525nam0 2200169 450 | |
| 001 | 0735257515 | |
| 005 | 20070904094737.51 | |
| 010 | @a7-81001-787-X@d19.80 | |
| 100 | @a20070904d km y0chiy0120 ea | |
| 101 | 0 | @achi |
| 200 | 1 | @a中国少数民族文化通论@Azhong guo shao shu min zu wen hua tong lun@f徐万邦 祁庆富@Fxu wan bang qi qing fu |
| 210 | @a北京@c中央民族大学出版社@d1996 | |
| 606 | 0 | @a文化理论 |
| 690 | @aG0@v3 | |
| 701 | 0 | @a徐万邦 祁庆富@Axu wan bang qi qing fu |
| 801 | 0 | @aCN@bPFT@c20070904 |
| 905 | @a213230@dG0@ea8@f1 | |
| 中国少数民族文化通论/徐万邦 祁庆富.-北京:中央民族大学出版社,1996 |
| ISBN 7-81001-787-X:19.80 |
| ● |
| 相关链接 |
|
|
|
|
正题名:中国少数民族文化通论
索取号:G0/a8
 
预约/预借
| 序号 | 登录号 | 条形码 | 馆藏地/架位号 | 状态 | 备注 |
| 1 | 7503291 | 275032910 | 密集书库-史法系/ [索取号:G0/a8] | 在馆 |